00765 2200241 4500001002100000005001500021035002000036007000300056008004100059020002200100082001200122084001800134100001300152245017200165250001000337260004400347300003700391650002100428700002400449520002600473990001200499990001200511INLIS00000000000174320180315103446 a0010-0318000086ta180315 g 0 ind  a978-602-02-6433-2 a332.024 a332.024 MOE s0 aMOELJADI1 aSebarkan Ilmu yang Bermanfaat Ini kepada Para Sahabat/ Relasi :bGaji Masih Kecil? Bukan Penghalang Menjadi Kaya Ikuti Cara Saya /cMoeljadi; editor, Rayendra L.Toruan acet.1 aJakarta :bElex Media Komputindo,c2015 axvi, 187 hlm. :bilus. ;c21 cm. aKEUANGAN PRIBADI0 aRAYENDRA, L. Toruan abibliografi: hlm. 187 a16387 a a16387 b